Errate die Länderflagge - Statistiken

Allgemein
  • Dieses Quiz wurde 166 mal gespielt
  • Das Durchschnittsergebnis liegt bei 12 aus 15
Antwortstatistiken
Frage Antwort % Korrekt
Argentinien
99%
Türkei
96%
Dänemark
93%
Georgien
92%
Australien
91%
Bangladesch
91%
Nordkorea
91%
Nigeria
90%
Slowakei
87%
Irak
77%
Bolivien
73%
Antigua and Barbuda
71%
Tansania
70%
Mali
67%
Monaco
55%
Keine übereinstimmenden Quizze gefunden
Verteilung der Resultate
Anzahl Personen mit jedem Resultat
Perzentil nach korrekt beantworteten Fragen
Ihre Resultats-Entwicklung
Sie haben dieses Quiz noch nicht gespielt